Statistics for Countries with the Least Dense Road Networks

Click here to take the quiz!

General Stats

  • This quiz has been taken 8,860 times
  • The average score is 12 of 20

Answer Stats

km / sq km Country % Correct
0.0328Mongolia
87%
0.0313Chad
86%
0.0065Sudan
85%
0.0150Niger
84%
0.0477Algeria
84%
0.0181Mali
82%
0.0103Mauritania
76%
0.0357Kazakhstan
74%
0.0325Central African Republic
69%
0.0413Angola
67%
0.0347Somalia
67%
0.0308Botswana
59%
0.0400Mozambique
58%
0.0362Madagascar
55%
0.0341Eritrea
43%
0.0343Gabon
39%
0.0202Papua New Guinea
39%
0.0371Guyana
24%
0.0263Suriname
24%
0.0481Solomon Islands
16%

Score Distribution

Percentile by Number Answered

Percent of People with Each Score

Your Score History

You have not taken this quiz